00596nam a2200205Ia 4500003000400000005001700004008004100021040000700062041000800069082001500077100003000092245003300122260002000155300000900175650002000184700002700204942001300231999001900244952012700263OSt20260123111735.0250729s2003 xx 000 0 und d cAL aeng a020.2 GOKS aGovt of Karnataka9227889 aSocial science part I 10 Std aBangalorec2003 a155p aHistory9227890 aGoo Digumurthi9227891 2ddccBED c237810d237810 00104070aALbALd2025-07-29eManagement Booksg9.00l0o020.2 GOKSpBED03129r2025-07-29 16:56:05v8.95w2025-07-29yBK